| 000 | 00847nam a22002533a 4500 | ||
|---|---|---|---|
| 005 | 20240228063837.0 | ||
| 008 | 010518s1998 ag r 000 0 spa d | ||
| 020 | _a9507012338 | ||
| 035 | _aUPN01000106473 | ||
| 049 | _aCG | ||
| 050 | 4 |
_aLB1181.2 _bB6.4 1998 |
|
| 100 | 1 |
_aBorzone de Manrique, Ana María _935451 |
|
| 245 | 1 | 0 |
_aLeer y escribir a los 5 / _cAna María Borzone de Manrique ; colab. Viviana Rodríguez, Claudia Marro. |
| 250 | _a4a ed. | ||
| 260 |
_aBuenos Aires : _bAique, _c1998. |
||
| 300 | _a248 p. | ||
| 650 | 4 |
_aLectura _xEstudio y enseñanza (Preescolar) _91526 |
|
| 650 | 4 |
_aEnseñanza de la lectoescritura _91522 |
|
| 650 | 4 |
_aAprendizaje de la lectoescritura _91535 |
|
| 650 | 4 |
_aLibros y lectura para niños _92290 |
|
| 700 | 1 |
_aRodríguez, Viviana, _ecolab. |
|
| 700 | 1 |
_aMarro, Claudia, _ecolab. |
|
| 905 | _aLibro | ||
| 999 |
_c80385 _d80385 |
||